Sagan und Sprottau in der schlesischen Geschichte
| Titel: | Sagan und Sprottau in der schlesischen Geschichte : "Les vues de Sagan" / hrsg. von Werner Bein im Auftrag d. Stiftung Kulturwerk Schlesien |
|---|---|
| Beteiligt: | |
| Veröffentlicht: | Würzburg : Bergstadtverl. Korn, 1992 |
| Umfang: | 148 S. : zahlr. Ill. |
| Format: | Buch |
| Sprache: | Deutsch |
| RVK-Notation: |
·
|
| ISBN: | 3870571640 |
| Hinweise zum Inhalt: |
Inhaltsverzeichnis
|
| Lokale Klassifikation: | 14 8 S 40 ; 14 8 S 189 |
|---|
alg: 2206312 001A $03004:20-10-92 001B $03004:11-12-25 $t10:32:31.000 001C $06060:05-09-16 $t08:28:59.000 001D $03004:29-05-00 001U $0utf8 001X $00 002@ $0Aau 003@ $0022063129 003O $0214328795 $aOCoLC 004A $03-87057-164-0 007A $0022063129 $aHEB 007G $0DE0204A039DE926D95690C12578DB002A51A1 007T $0Herdww001453 009P $qapplication/pdf $A2 $3Inhaltsverzeichnis $uhttp://scans.hebis.de/HEBCGI/show.pl?02206312_toc.pdf $mV:DE-603;B:DE-Mb50 010@ $ager 011@ $a1992 $n1992 013H $0z 015@ $0Z 021A $a@Sagan und Sprottau in der schlesischen Geschichte $d"Les vues de Sagan" $hhrsg. von Werner Bein im Auftrag d. Stiftung Kulturwerk Schlesien 028C $BHrsg. $7 $8Bein, Werner [Tnd] $9140464794 033A $pWürzburg $nBergstadtverl. Korn 034D $a148 S. 034M $azahlr. Ill. 039U $8--Aox--Bartkiewicz, Kazimierz. @Sagan und Sprottau in der schlesischen Geschichte. - Würzburg : Bergstadtverl. Korn. - 1992 [Rezension], 1992 $9395329337 039U $8--Aox--Pregiel, Piotr. @Sagan und Sprottau in der schlesischen Geschichte. - Würzburg : Bergstadtverl. Korn. - 1992 [Rezension], 1993 $9395330297 044K $RSagan $#Zaháň $#Sagan $75057069-9 $8Żagań [Tg1] $9044717016 044K $RArchitekt $RBaudenkmal $RBauweise $RInnenarchitektur $#Architecture $#Architecture $#Baukunst $74002851-3 $8Architektur [Ts1] $9084999292 044K $RPowiat Żagański $#Kreis Sagan-Sprottau $#Sprottau Kreis $74051287-3 $8Kreis Sprottau [Tg1] $9085143073 045R $aGeschichte 045Z $8NR 7750 [Tkv] $9410927678 045Z $8LB 72140 [Tkv] $9409578762 lok: 2206312 24 101B $017-02-11 $t09:02:18.000 101U $0utf8 145Z/01 $a14 8 S 40 145Z/02 $a14 8 S 189 exp: 2206312 24 1 #EPN 201B/01 $017-02-11 $t09:02:18.000 201U/01 $0utf8 203@/01 $008628987X 208@/01 $a17-02-11 $bz 209A/01 $a14 VIII S 66 $du $f050 $h14 8 S 66 / + 1 $x00 209C/01 $aT 92.1111 $h92 1111 T 209G/01 $a70172763 $x00 220C/01 $ahan 247C/01 $8358050-7Marburg, Bibliothek des Herder-Instituts Marburg $9102600961 exp: 2206312 24 2 #EPN 201B/02 $017-02-11 $t09:03:30.000 201C/02 $017-02-11 201U/02 $0utf8 203@/02 $0606163107 208@/02 $a17-02-11 $bz 209A/02 $a10.8022 $du $f050 $h10 8022 / + 2 $x00 209C/02 $a11.0022 K $h11 0022 K 209G/02 $a72789180 $x00 220C/02 $ahan 247C/02 $8358050-7 Marburg, Bibliothek des Herder-Instituts Marburg $9102600961 lok: 2206312 78 exp: 2206312 78 1 #EPN 201B/01 $030-07-19 $t22:48:48.000 201U/01 $0utf8 203@/01 $0792417666 208@/01 $a12-11-16 $be 209A/01 $a/ $f000 $x00 220C/01 $aTitelaufnehmer: AH 220C/01 $aAnmerkung: *NG 237A/01 $aweiterführende Signatur(en): Herder-Institut: 14 VIII S 66 244Z/01 $2Trx $#Silesia $#Śląsk $#Sliezsko $#Slezsko $8--Trx--Schlesien $x01 $9391173987 244Z/01 $#Zaháň $#Sagan $75057069-9 $8--Tg1--Żagań $x02 $9044717016 244Z/01 $#Sprottau $75057078-X $8--Tg1--Szprotawa $x03 $9044717105 244Z/01 $aGeschichte 1202-1989 $x04 244Z/01 $2Trx $#ülevaated kohad $#vietovės bendras $#overview cities $#ábrázolások, átfogó helyek $#miejscowości poszczególne $#dejiny miestne $#dějiny místní $#Ortsgeschichte $#Städte $#Orte $#miasta $#miestne dejiny $8--Trx--Darstellungen, übergreifende$gOrte $x05 $9391384228 244Z/01 $2Trx $#dzieło zbiorowe $8--Trx--Sammelwerk $x06 $9391384597 247C/01 $82080>Marburg/Lahn, Herder-Institut, Forschungsbibliothek, Bibliographieportal $9336309341 lok: 2206312 205 exp: 2206312 205 1 #EPN 201B/01 $008-03-06 $t20:38:49.000 201C/01 $004-11-96 203@/01 $0105359262 208@/01 $a04-11-96 $bz 209A/01 $aHist 191 $ds $f571 $x00 209B/01 $a80 $x05 209C/01 $a29.6.93 733 247C/01 $8351571-0 <4/571>Marburg, Universität Marburg, Forschungsstelle für Personalschriften, Bibliothek $9102595712 201U/01 $0utf8
| LEADER | 00000cam a2200000 c 4500 | ||
|---|---|---|---|
| 001 | 022063129 | ||
| 003 | DE-603 | ||
| 005 | 20251211103231.0 | ||
| 007 | tu | ||
| 008 | 921020s1992 xx |||| | u00||u|ger c | ||
| 020 | |a 3870571640 | ||
| 035 | |a (DE-599)HEB022063129 | ||
| 035 | |a (OCoLC)214328795 | ||
| 040 | |a DE-603 |b ger |c DE-603 |d DE-603 | ||
| 041 | |a ger | ||
| 084 | |a NR 7750 |0 (DE-625)129782: |0 (DE-603)410927678 |2 rvk | ||
| 084 | |a LB 72140 |0 (DE-625)90589:812 |0 (DE-603)409578762 |2 rvk | ||
| 245 | 0 | 0 | |a Sagan und Sprottau in der schlesischen Geschichte |b "Les vues de Sagan" |c hrsg. von Werner Bein im Auftrag d. Stiftung Kulturwerk Schlesien |
| 264 | 1 | |a Würzburg |b Bergstadtverl. Korn |c 1992 | |
| 300 | |a 148 S. |b zahlr. Ill. | ||
| 648 | 7 | |a Geschichte |2 gnd | |
| 650 | 7 | |a Architektur |0 (DE-588)4002851-3 |0 (DE-603)084999292 |2 gnd | |
| 651 | 7 | |a Żagań |0 (DE-588)5057069-9 |0 (DE-603)044717016 |2 gnd | |
| 651 | 7 | |a Kreis Sprottau |0 (DE-588)4051287-3 |0 (DE-603)085143073 |2 gnd | |
| 700 | 1 | |a Bein, Werner |e Hrsg. |4 edt |0 (DE-603)140464794 | |
| 787 | 0 | 8 | |i Rezensiert in |a Bartkiewicz, Kazimierz |t Sagan und Sprottau in der schlesischen Geschichte. - Würzburg : Bergstadtverl. Korn. - 1992 [Rezension] |w (DE-603)395329337 |
| 787 | 0 | 8 | |i Rezensiert in |a Pregiel, Piotr |t Sagan und Sprottau in der schlesischen Geschichte. - Würzburg : Bergstadtverl. Korn. - 1992 [Rezension] |w (DE-603)395330297 |
| 856 | 4 | 2 | |m V:DE-603;B:DE-Mb50 |q application/pdf |u http://scans.hebis.de/HEBCGI/show.pl?02206312_toc.pdf |3 Inhaltsverzeichnis |
| 924 | 0 | |9 Mb 50 |a (DE-603)08628987X |b DE-Mb50 |c HES |d c |g 14 VIII S 66 | |
| 924 | 0 | |9 Mb 50 |a (DE-603)606163107 |b DE-Mb50 |c HES |d c |g 10.8022 | |
| 924 | 0 | |9 2080 |a (DE-603)792417666 |b DE-2080 |c HES |d d |g / | |
| 924 | 0 | |9 4/571 |a (DE-603)105359262 |b DE-4-571 |c HES |d d |g Hist 191 | |


